000 01085cam a2200325 a 4500
003 CHAP
005 20220329142222.0
008 000224d1996 mx r 00010 spa d
010 _a80066
011 _a81038
020 _a9683643272
035 _a91497
040 _cCHAP
082 0 4 _a330.9
_bB37
100 0 0 _aBassols Batalla, Angel.
_910728
245 1 0 _aTemas de un momento crítico
_c/por Angel Bassols Batalla
260 _aMéxico, D. F. :
_bUniversidad Nacional Autónoma de México. Instituto de Investigaciones Económicas,
_c1996.
300 _a198 p.
590 _aBATCH-UPD
_b10
_c20130110
_lUCH01
_h1237
590 _aBATCH-UPD
_b10
_c20130410
_lUCH01
_h0805
590 _aBATCH-UPD
_b10
_c20130914
_lUCH01
_h1058
590 _aCONVERSION
_b10
_c20130109
_lUCH01
_h1344
650 1 4 _aCrisis económica.
_928975
650 1 4 _aGeografía económica.
_947575
650 1 4 _aPolítica ambiental
_xMéxico.
_990426
901 _aBK
905 _aLilia Sánchez G.
942 _cLIBRO
949 _a330.9 B37
_bBC
_cLIBRO
_d33724000750865
_eLIBRO
_gI.c/e
_h97287
_i91497
_si
_t$70.00
999 _c80066
_d80066